<?xml version="1.0" encoding="UTF-8"?><?xml-stylesheet type="text/xsl" href="static/style.xsl"?><OAI-PMH xmlns="http://www.openarchives.org/OAI/2.0/" xmlns:xsi="http://www.w3.org/2001/XMLSchema-instance" xsi:schemaLocation="http://www.openarchives.org/OAI/2.0/ http://www.openarchives.org/OAI/2.0/OAI-PMH.xsd"><responseDate>2026-04-18T02:59:52Z</responseDate><request verb="GetRecord" identifier="oai:www.recercat.cat:10230/32681" metadataPrefix="marc">https://recercat.cat/oai/request</request><GetRecord><record><header><identifier>oai:recercat.cat:10230/32681</identifier><datestamp>2025-12-22T13:34:24Z</datestamp><setSpec>com_2072_6</setSpec><setSpec>col_2072_452952</setSpec></header><metadata><record xmlns="http://www.loc.gov/MARC21/slim" xmlns:dcterms="http://purl.org/dc/terms/" xmlns:xsi="http://www.w3.org/2001/XMLSchema-instance" xmlns:doc="http://www.lyncode.com/xoai" xsi:schemaLocation="http://www.loc.gov/MARC21/slim http://www.loc.gov/standards/marcxml/schema/MARC21slim.xsd">
   <leader>00925njm 22002777a 4500</leader>
   <datafield ind2=" " ind1=" " tag="042">
      <subfield code="a">dc</subfield>
   </datafield>
   <datafield ind2=" " ind1=" " tag="720">
      <subfield code="a">Arano, Silvia</subfield>
      <subfield code="e">author</subfield>
   </datafield>
   <datafield ind2=" " ind1=" " tag="720">
      <subfield code="a">Bel Rafecas, Núria</subfield>
      <subfield code="e">author</subfield>
   </datafield>
   <datafield ind2=" " ind1=" " tag="260">
      <subfield code="c">2017-08-24T12:11:54Z</subfield>
   </datafield>
   <datafield ind2=" " ind1=" " tag="260">
      <subfield code="c">2017-08-24T12:11:54Z</subfield>
   </datafield>
   <datafield ind2=" " ind1=" " tag="260">
      <subfield code="c">2014</subfield>
   </datafield>
   <datafield ind2=" " ind1=" " tag="520">
      <subfield code="a">Los investigadores en Humanidades Digitales tienen dificultades para acceder y utilizar herramientas informáticas que les asistan en la explotación de los textos objeto de sus estudios. Esto se debe al hecho de que, en la mayoría de los portales y registros especializados, la información sobre dichas herramientas no está enlazada con la información sobre dónde encontrarlas y cómo utilizarlas. El Centro de Competencias Clarin IULA-UPF compila e interrelaciona la información necesaria en un catálogo de datos enlazados para ofrecer a los investigadores una forma integrada de acceder a toda la información. En este artículo se presentan los detalles del diseño y de la selección de materiales e instrumentos de descripción utilizados en la elaboración de dicho catálogo.</subfield>
   </datafield>
   <datafield ind2=" " ind1=" " tag="520">
      <subfield code="a">Digital humanities researchers experience some difficulties in accessing and using computational tools which are meant to assist them when carrying out queries of texts analysis in their studies. This is due to the fact that information concerning tools in this field and their effective usage is not linked to the information about their location and utilization. Clarin IULAUPF Center aims at compiling and relating required information in a catalogue of linked data in order to offer researchers an integrated way of accessing it. This article presents details about the design and selection of the materials and description tools included in the catalogue.</subfield>
   </datafield>
   <datafield tag="653" ind2=" " ind1=" ">
      <subfield code="a">Humanidades digitales</subfield>
   </datafield>
   <datafield tag="653" ind2=" " ind1=" ">
      <subfield code="a">Catálogos</subfield>
   </datafield>
   <datafield tag="653" ind2=" " ind1=" ">
      <subfield code="a">Centros de competencias</subfield>
   </datafield>
   <datafield tag="653" ind2=" " ind1=" ">
      <subfield code="a">Datos enlazados</subfield>
   </datafield>
   <datafield tag="653" ind2=" " ind1=" ">
      <subfield code="a">Servicios web</subfield>
   </datafield>
   <datafield tag="653" ind2=" " ind1=" ">
      <subfield code="a">Clarin IULA-UPF</subfield>
   </datafield>
   <datafield tag="653" ind2=" " ind1=" ">
      <subfield code="a">Digital humanities</subfield>
   </datafield>
   <datafield tag="653" ind2=" " ind1=" ">
      <subfield code="a">Catalogues</subfield>
   </datafield>
   <datafield tag="653" ind2=" " ind1=" ">
      <subfield code="a">Competence centres</subfield>
   </datafield>
   <datafield tag="653" ind2=" " ind1=" ">
      <subfield code="a">Linked data</subfield>
   </datafield>
   <datafield tag="653" ind2=" " ind1=" ">
      <subfield code="a">Web services</subfield>
   </datafield>
   <datafield ind2="0" ind1="0" tag="245">
      <subfield code="a">Datos enlazados de publicaciones, proyectos y herramientas para investigadores en humanidades digitales: catálogo piloto del centro Clarin IULA-UPF</subfield>
   </datafield>
   <datafield ind2="0" ind1="0" tag="245">
      <subfield code="a">Linked data of publications, projects and computational tools for digital humanities researchers: the&#xd;
pilot catalogue of the Clarin IULA-UPF Center</subfield>
   </datafield>
</record></metadata></record></GetRecord></OAI-PMH>